| 000 | 00582nam a22001817a 4500 | ||
|---|---|---|---|
| 008 | 160224b xxu||||| |||| 00| 0 eng d | ||
| 020 | _a9789712364563 | ||
| 082 |
_22013 _aDFil 346.072 _bD37l |
||
| 100 |
_93196 _aDe Leon, Hector S. |
||
| 245 |
_aThe Law on sales, agency and credit transactions/ _cHector S. De Leon and Hector M. De Leon. |
||
| 250 | _a2013 Edition | ||
| 260 |
_aManila : _bRex Book Store , _cc2013. |
||
| 300 |
_axlvi, 518 pages ; _c23 cm |
||
| 650 | 0 |
_93197 _aCommercial law |
|
| 700 |
_93198 _aDe Leon, Hector M. |
||
| 365 |
_b589.00 _cPhp |
||
| 942 |
_2ddc _cDFIL |
||
| 999 |
_c1137 _d1137 |
||